MARC

LEADER 00000nam0a2200000 4500
001 213417
005 20231101225822.0
035 |a (RuTPU)RU\TPU\book\233205 
090 |a 213417 
100 |a 20120410d1970 m y0rusy50 ca 
101 0 |a rus 
102 |a RU 
105 |a a j 001zy 
200 1 |a Сборник задач по начертательной геометрии (на принципах программированного обучения)  |e учебное пособие  |f И. И. Котов, Е. В. Амиянц, В. А. Осипов 
210 |a Москва  |c Высшая школа  |d 1970 
215 |a 192 с.  |c ил. 
320 |a Библиогр.: с. 190. 
606 |a Начертательная геометрия  |2 stltpush  |3 (RuTPU)RU\TPU\subj\45211  |9 64468 
610 1 |a задачи 
610 1 |a программированное обучение 
610 1 |a параллельные проекции 
610 1 |a родственное соответствие 
610 1 |a прямоугольные проекции 
610 1 |a центральные проекции 
610 1 |a решение задач 
610 1 |a координатный метод 
610 1 |a параллельная аксонометрия 
610 1 |a чертежи 
610 1 |a поверхность вращения 
610 1 |a линейчатые поверхности 
610 1 |a развертка 
610 1 |a прямые 
610 1 |a плоскости 
610 1 |a учебные пособия 
675 |a 514.18(076)  |v 3 
700 1 |a Котов  |b И. И.  |g Иван Иванович 
701 1 |a Амиянц  |b Е. В.  |g Евгения Викторовна 
701 1 |a Осипов  |b В. А.  |g Вадим Андреевич 
801 1 |a RU  |b 63413507  |c 20120410 
801 2 |a RU  |b 63413507  |c 20230403  |g RCR 
942 |c BK